[Event "AUS-ch Major"]
[Site "Sydney"]
[Date "2020.01.03"]
[Round "2"]
[White "Sze To, Jonas"]
[Black "Daffy, Joseph"]
[Result "1/2-1/2"]
[WhiteElo "1417"]
[BlackElo "1816"]
[PlyCount "100"]
[EventDate "2020.01.02"]
[EventType "swiss"]
[EventRounds "11"]
[EventCountry "AUS"]
[SourceTitle "EXT 2021"]
[Source "ChessBase"]
[SourceDate "2020.10.23"]
[SourceVersion "1"]
[SourceVersionDate "2020.10.23"]
[SourceQuality "1"]

1. d4 f5 2. c4 e6 3. Nc3 Nf6 4. e3 Be7 5. Bd3 Nc6 6. a3 a5 7. Nge2 d6 8. 0-0 e5 9. d5 Nb8 10. b3 0-0 11. Bb2 Qe8 12. f4 e4 13. Bc2 Qh5 14. h3 h6 15. Nd4 Qe8 16. Nce2 Nh7 17. b4 g5 18. fxg5 hxg5 19. Ng3 Qg6 20. Ndxf5 Bxf5 21. Rxf5 Nf6 22. bxa5 Nbd7 23. Qd4 Nc5 24. Raf1 Rf7 25. Nxe4 Ncxe4 26. Bxe4 Qg7 27. Qd2 Raf8 28. Bd3 Qh6 29. e4 Nd7 30. Rxf7 Rxf7 31. Rxf7 Kxf7 32. Qf2+ Nf6 33. Bc1 Ke8 34. Qf5 Qh4 35. Bxg5 Qe1+ 36. Kh2 Qc3 37. Qg6+ Kd8 38. Bxf6 Bxf6 39. Qg8+ Ke7 40. Qe6+ Kd8 41. Be2 Be5+ 42. Kg1 Qc1+ 43. Kf2 Bd4+ 44. Kg3 Qe1+ 45. Kf4 Qxe2 46. Qg8+ Ke7 47. Qh7+ Kf8 48. Qf5+ Kg8 49. Qe6+ Kh7 50. Qf5+ Kh8 1/2-1/2

[Event "AUS-ch Major"]
[Site "Cammeray"]
[Date "2018.01.06"]
[Round "6"]
[White "Sze To, Jonas"]
[Black "Su, Orlando"]
[Result "1/2-1/2"]
[WhiteElo "1348"]
[BlackElo "1119"]
[PlyCount "36"]
[EventDate "2018.01.02"]
[EventType "swiss"]
[EventRounds "11"]
[EventCountry "AUS"]
[SourceTitle "CBM 182 Extra"]
[Source "ChessBase"]
[SourceDate "2018.02.23"]
[SourceVersion "1"]
[SourceVersionDate "2018.02.23"]
[SourceQuality "1"]

1. d4 d5 2. c4 e6 3. Nc3 Nf6 4. Bg5 Be7 5. e3 0-0 6. Bd3 dxc4 7. Bxc4 b6 8. Nf3 Bb7 9. 0-0 h6 10. Bh4 Nc6 11. Rc1 a6 12. Bd3 Rc8 13. a3 Qd7 14. Qc2 Rfd8 15. Ne4 Nd5 16. Bxe7 Ndxe7 17. Rfd1 Qd5 18. Ng3 Qd6 1/2-1/2

[Event "AUS-ch Major"]
[Site "Cammeray"]
[Date "2018.01.03"]
[Round "2"]
[White "Sze To, Jonas"]
[Black "Dickson, Ian C"]
[Result "1/2-1/2"]
[WhiteElo "1348"]
[BlackElo "1656"]
[PlyCount "63"]
[EventDate "2018.01.02"]
[EventType "swiss"]
[EventRounds "11"]
[EventCountry "AUS"]
[SourceTitle "CBM 182 Extra"]
[Source "ChessBase"]
[SourceDate "2018.02.23"]
[SourceVersion "1"]
[SourceVersionDate "2018.02.23"]
[SourceQuality "1"]

1. d4 Nf6 2. c4 g6 3. Nc3 Bg7 4. e4 d6 5. f4 0-0 6. Nf3 c5 7. d5 e6 8. Bd3 exd5 9. cxd5 Bg4 10. 0-0 Nbd7 11. Re1 Re8 12. Bd2 a6 13. a4 Qc7 14. b3 b6 15. h3 Bxf3 16. Qxf3 Nf8 17. Re2 N6d7 18. Rae1 Bd4+ 19. Kh1 Ra7 20. Rf1 f6 21. Bc4 Kg7 22. f5 Ne5 23. Qg3 Nxc4 24. bxc4 Be5 25. Qh4 Qe7 26. Qh6+ Kg8 27. Nd1 Qg7 28. Qh4 g5 29. Qh5 Qf7 30. Qg4 h6 31. h4 h5 32. Qh3 1/2-1/2